[Event "HUN-chT2 Erkel 1617"]
[Site "Hungary"]
[Date "2017.03.12"]
[Round "10.6"]
[White "Karpati, Kende Vajk"]
[Black "Monda, Laszlo"]
[Result "1/2-1/2"]
[WhiteElo "2014"]
[BlackElo "2078"]
[PlyCount "96"]
[EventDate "2016.09.25"]
[EventType "team-tourn"]
[EventRounds "11"]
[EventCountry "HUN"]
[SourceTitle "EXT 2021"]
[Source "ChessBase"]
[SourceDate "2020.10.23"]
[SourceVersion "1"]
[SourceVersionDate "2020.10.23"]
[SourceQuality "1"]
[WhiteTeam "Fot"]
[BlackTeam "Budapest Kobanya II"]
[WhiteTeamCountry "HUN"]
[BlackTeamCountry "HUN"]

1. d4 d5 2. g3 Nf6 3. Bg2 c5 4. c4 cxd4 5. cxd5 Nxd5 6. Qxd4 Be6 7. Nc3 Nc6 8. Qa4 Qd7 9. Bd2 Rd8 10. Nf3 Nb6 11. Qf4 h6 12. h4 Nc4 13. b3 g5 14. hxg5 hxg5 15. Qxg5 Rxh1+ 16. Bxh1 Nxd2 17. Nxd2 Nd4 18. Be4 Rc8 19. Na4 Nc2+ 20. Bxc2 Rxc2 21. Nf3 b5 22. Nc5 Qc6 23. Rc1 Rxc1+ 24. Qxc1 Bg4 25. Nd3 Qxc1+ 26. Nxc1 Bg7 27. Kd1 e5 28. Nd2 f5 29. f3 Bh5 30. Nd3 Ke7 31. Kc2 Kd6 32. e4 fxe4 33. Nxe4+ Ke7 34. g4 Bg6 35. Ndc5 Be8 36. Kc3 a5 37. Nb7 a4 38. bxa4 bxa4 39. Kb4 Bf7 40. a3 Bb3 41. Nc3 Bf8 42. Kb5 Kf6 43. Ne4+ Kg6 44. Nbc5 Bd1 45. Nd2 e4 46. Ncxe4 Bxa3 47. Nc3 Bc1 48. Nxd1 Bxd2 1/2-1/2

[Event "HUN-chT U18"]
[Site "Hajduboszormeny"]
[Date "2016.11.04"]
[Round "4.44"]
[White "Majnay, Peter"]
[Black "Karpati, Kende Vajk"]
[Result "1-0"]
[WhiteElo "1830"]
[BlackElo "2018"]
[PlyCount "77"]
[EventDate "2016.11.02"]
[EventType "team-swiss"]
[EventRounds "8"]
[EventCountry "HUN"]
[SourceTitle "CBM 175 Extra"]
[Source "ChessBase"]
[SourceDate "2016.12.12"]
[SourceVersion "1"]
[SourceVersionDate "2016.12.12"]
[SourceQuality "1"]

1. e4 g6 2. d4 Bg7 3. Nc3 c5 4. dxc5 Qa5 5. Bd2 Qxc5 6. Nf3 Qb4 7. Bd3 Qxb2 8. Rb1 Qa3 9. Nd5 Kd8 10. Ng5 Nh6 11. Bb4 Qxa2 12. Bxe7+ Ke8 13. Bd6 Qa5+ 14. Qd2 Qxd2+ 15. Kxd2 Nc6 16. Nc7+ Kd8 17. Nxa8 Be5 18. Bxe5 Nxe5 19. f4 Nc6 20. Bc4 f6 21. Nf7+ Nxf7 22. Bxf7 Rf8 23. Bd5 b6 24. Nxb6 axb6 25. Rxb6 Kc7 26. Rhb1 Re8 27. R6b3 Kd6 28. Rd3 Kc7 29. Rdb3 Kd6 30. Rh3 Re7 31. Rbb3 f5 32. Bxc6 dxc6 33. e5+ Kc7 34. Ra3 Bb7 35. Rhb3 Kc8 36. Ra7 Kb8 37. Raxb7+ Rxb7 38. e6 Rxb3 39. e7 1-0

[Event "HUN-chT U18"]
[Site "Hajduboszormeny"]
[Date "2016.11.03"]
[Round "3.26"]
[White "Karpati, Kende Vajk"]
[Black "Kovacsy, Barnabas"]
[Result "0-1"]
[WhiteElo "2018"]
[BlackElo "1931"]
[PlyCount "58"]
[EventDate "2016.11.02"]
[EventType "team-swiss"]
[EventRounds "8"]
[EventCountry "HUN"]
[SourceTitle "CBM 175 Extra"]
[Source "ChessBase"]
[SourceDate "2016.12.12"]
[SourceVersion "1"]
[SourceVersionDate "2016.12.12"]
[SourceQuality "1"]

1. f4 d5 2. Nf3 Nf6 3. e3 e6 4. b3 Be7 5. Bb2 c5 6. Be2 0-0 7. 0-0 Nbd7 8. c4 dxc4 9. bxc4 b6 10. Qc2 Bb7 11. Nc3 Rc8 12. Bd3 Re8 13. Ne5 Nf8 14. a4 Ng6 15. Rfb1 Bd6 16. Nb5 Bb8 17. Nxg6 hxg6 18. Nc3 Re7 19. Nd1 Rd7 20. Bxf6 Qxf6 21. Be2 Rcd8 22. d3 e5 23. g3 Qc6 24. e4 exf4 25. g4 Qf6 26. Ra2 f3 27. Bf1 Qf4 28. h3 Bxe4 29. dxe4 Rd2 0-1

[Event "HUN-chT2 Erkel 1415"]
[Site "Hungary"]
[Date "2014.12.14"]
[Round "4.8"]
[White "Szabo, Ervin"]
[Black "Karpati, Kende Vajk"]
[Result "1-0"]
[WhiteElo "1861"]
[BlackElo "1885"]
[PlyCount "61"]
[EventDate "2014.09.28"]
[EventType "team-tourn"]
[EventRounds "9"]
[EventCountry "HUN"]
[SourceTitle "EXT 2016"]
[Source "ChessBase"]
[SourceDate "2015.10.08"]
[SourceVersion "1"]
[SourceVersionDate "2015.10.08"]
[SourceQuality "1"]
[WhiteTeam "Matra"]
[BlackTeam "Fot"]
[WhiteTeamCountry "HUN"]
[BlackTeamCountry "HUN"]

1. d4 d5 2. e3 Nf6 3. Bd3 e6 4. Nd2 c5 5. c3 Nc6 6. Ngf3 b6 7. Qe2 Bb7 8. 0-0 Be7 9. dxc5 Bxc5 10. e4 d4 11. cxd4 Nxd4 12. Nxd4 Bxd4 13. Nf3 e5 14. Bb5+ Kf8 15. Rd1 Nxe4 16. Nxd4 exd4 17. Be3 Qf6 18. Rxd4 Nd6 19. Ba4 Qg6 20. Rg4 Qh5 21. Re1 f5 22. Qd3 Rd8 23. Rg5 Qh4 24. Bd1 Be4 25. Qc3 Rd7 26. Qe5 h6 27. Rg6 Qd8 28. Bb3 f4 29. Qxf4+ Ke8 30. Rxd6 Qe7 31. Re6 1-0

[Event "HUN-chT2 Erkel 1112"]
[Site "Hungary"]
[Date "2012.04.22"]
[Round "9.2"]
[White "Karpati, Kende Vajk"]
[Black "Kovacs, Gabor Etele"]
[Result "1/2-1/2"]
[WhiteElo "1692"]
[BlackElo "1416"]
[PlyCount "70"]
[EventDate "2011.09.25"]
[EventType "team-tourn"]
[EventRounds "11"]
[EventCountry "HUN"]
[SourceTitle "EXT 2013"]
[Source "ChessBase"]
[SourceDate "2012.11.22"]
[SourceVersion "1"]
[SourceVersionDate "2012.11.22"]
[SourceQuality "1"]
[WhiteTeam "Foti"]
[BlackTeam "Pestszentlorinc"]
[WhiteTeamCountry "HUN"]
[BlackTeamCountry "HUN"]

1. d4 d5 2. Nf3 Bf5 3. Bf4 Nf6 4. e3 Nbd7 5. h3 e6 6. Bd3 Bxd3 7. Qxd3 c5 8. c3 Be7 9. 0-0 0-0 10. Nbd2 cxd4 11. cxd4 Rc8 12. Rfc1 Qb6 13. Qb3 Rc6 14. Qxb6 Nxb6 15. Rxc6 bxc6 16. Rc1 Rc8 17. Nb3 Nc4 18. Ne5 Nxe5 19. Bxe5 Nd7 20. Bg3 c5 21. dxc5 Nxc5 22. Nxc5 Rxc5 23. Rxc5 Bxc5 24. Kf1 Kf8 25. Ke2 Ke7 26. Kd3 f6 27. Kc3 e5 28. b4 Bd6 29. b5 Kd7 30. Kb3 Kc7 31. f3 f5 32. Be1 Bc5 33. Bd2 g5 34. Kc3 Kd6 35. Kd3 h5 1/2-1/2

[Event "HUN-chT2 Erkel 1112"]
[Site "Hungary"]
[Date "2011.09.25"]
[Round "1.12"]
[White "Karpati, Kende Vajk"]
[Black "Frank, Jozsef"]
[Result "0-1"]
[WhiteElo "1692"]
[BlackElo "1977"]
[PlyCount "72"]
[EventDate "2011.09.25"]
[EventType "team-tourn"]
[EventRounds "11"]
[EventCountry "HUN"]
[SourceTitle "EXT 2013"]
[Source "ChessBase"]
[SourceDate "2012.11.22"]
[SourceVersion "1"]
[SourceVersionDate "2012.11.22"]
[SourceQuality "1"]
[WhiteTeam "Foti"]
[BlackTeam "Dunaharaszti"]
[WhiteTeamCountry "HUN"]
[BlackTeamCountry "HUN"]

1. d4 d5 2. c4 c6 3. Nc3 Nf6 4. Bf4 g6 5. Nf3 Bg7 6. e3 0-0 7. Qb3 dxc4 8. Bxc4 Qb6 9. 0-0 Nh5 10. Be5 Qxb3 11. Bxb3 Bxe5 12. Nxe5 Ng7 13. Rfd1 e6 14. e4 Nd7 15. Rd2 Ne8 16. Rad1 Nc7 17. Nc4 Nb6 18. Nxb6 axb6 19. d5 exd5 20. exd5 Bd7 21. dxc6 Bxc6 22. a3 Kg7 23. Rd6 Rac8 24. h3 Rfe8 25. Bd5 Nxd5 26. Nxd5 b5 27. Nb6 Rc7 28. Nd5 Rcc8 29. Nb6 Rb8 30. Nd5 Re2 31. b4 Ra8 32. Ra1 Rd2 33. Nc7 Rxa3 34. Rxa3 Rxd6 35. Na8 Rd1+ 36. Kh2 Rb1 0-1